Introduction to real analysis / (Record no. 175354)

000 -LEADER
fixed length control field 00897 a2200229 4500
003 - CONTROL NUMBER IDENTIFIER
control field Nust
005 - DATE AND TIME OF LATEST TRANSACTION
control field 20221118115405.0
010 ## - LIBRARY OF CONGRESS CONTROL NUMBER
LC control number 91025482
020 ## - INTERNATIONAL STANDARD BOOK NUMBER
International Standard Book Number 0471510009 (alk. paper)
040 ## - CATALOGING SOURCE
Transcribing agency Nust
082 00 - DEWEY DECIMAL CLASSIFICATION NUMBER
Classification number 515,BAR
100 1# - MAIN ENTRY--PERSONAL NAME
Personal name Bartle, Robert Gardner,
9 (RLIN) 95850
245 10 - TITLE STATEMENT
Title Introduction to real analysis /
Statement of responsibility, etc. Robert G. Bartle, Donald R. Sherbert.
250 ## - EDITION STATEMENT
Edition statement 2nd ed.
260 ## - PUBLICATION, DISTRIBUTION, ETC.
Place of publication, distribution, etc. New York :
Name of publisher, distributor, etc. Wiley,
Date of publication, distribution, etc. c1992.
300 ## - PHYSICAL DESCRIPTION
Extent xi, 404 p. :
Other physical details ill. ;
Dimensions 24 cm.
505 ## - FORMATTED CONTENTS NOTE
Formatted contents note The RiemPreliminaries (Page-1), The Real Numbers (Page-22), Sequences (Page-67), Limits (Page-110), Continuous Functions (Page-140), Differentiations (Page-183), ann Integral (Page-229), Infinite Series (Page-316), The Topology (Page-346).
650 #0 - SUBJECT ADDED ENTRY--TOPICAL TERM
Topical term or geographic name entry element Functions of real variables.
9 (RLIN) 35586
650 #0 - SUBJECT ADDED ENTRY--TOPICAL TERM
Topical term or geographic name entry element Mathematical analysis.
700 1# - ADDED ENTRY--PERSONAL NAME
Personal name Sherbert, Donald R.,
Dates associated with a name 1935-
9 (RLIN) 95851
942 ## - ADDED ENTRY ELEMENTS (KOHA)
Koha item type Reference
Source of classification or shelving scheme
Call number prefix 515,BAR
Holdings
Withdrawn status Lost status Source of classification or shelving scheme Damaged status Not for loan Permanent Location Current Location Shelving location Date acquired Full call number Barcode Date last seen Price effective from Koha item type Public note
          Military College of Signals (MCS) Military College of Signals (MCS) General Stacks 12/12/2016 515,BAR MCS27453 12/08/2016 12/12/2016 Book Almirah No.11, Shelf No.6
© 2023 Central Library, National University of Sciences and Technology. All Rights Reserved.